000 00651nam a2200205Ia 4500
001 17180
003 GE_BSU
008 181216s||||||||xx |||||||||||||| ||und||
040 _cGE_BSU
080 _a821.161.1-32
100 _aპუშკინი, ა.
245 _aბელკინის მოთხრობები
245 _cილ.: დ. ნოდია. რედ. შ. აფხაიძე
260 _aთბილისი
260 _bსაბლიტგამი
260 _c1959
300 _a120გვ. : 5ფ. ილ. ; 17სმ.
653 _aბელკინის მოთხრობები
942 _cBK
999 _c50242
_d50242